The people's constitution proposals for Malaya 1947
| Published: |
Kajang, Selangor:
Ban Ah Kam,
2005.
|
|---|---|
| Subjects: |
| LEADER | 00556cam a2200157 7i4500 | ||
|---|---|---|---|
| 001 | 0000049420 | ||
| 005 | 20200220090000.0 | ||
| 020 | |a 9834082142 (pbk.) | ||
| 090 | 0 | 0 | |a DS591 |b .P46 2005 |
| 245 | 0 | 4 | |a The people's constitution proposals for Malaya 1947 |c drafted by Putera-Amcja. |
| 260 | |a Kajang, Selangor: |b Ban Ah Kam, |c 2005. | ||
| 300 | |a 100 p.; |c 21 cm. | ||
| 500 | |a Gift: Zainol Ahmad Resource Center | ||
| 650 | 0 | 0 | |a Constitutional history -- |z Malaysia -- |z Sources |
| 651 | 0 | |a Malaya -- |x History | |
| 999 | |a 0000069139 |b BOK |c OPEN SHELF |e 1st Floor, Bestari Jaya | ||


